| 000 | 00870cam a2200289 4500 | ||
|---|---|---|---|
| 001 | 2507825 | ||
| 003 | yeezen | ||
| 005 | 20260106164122.0 | ||
| 008 | 240821s2024 ch a e b 000 0 chi d | ||
| 020 |
_a9789863685418 _q(平裝) : _c新臺幣580元 |
||
| 040 |
_aSAN _bchi _c桃市圖 _eCCR |
||
| 041 | 0 | _achi | |
| 042 | _anbic | ||
| 084 |
_a415.22 _2ncsclt |
||
| 090 | _a415.22 | ||
| 110 | 2 |
_a臺灣急救加護醫學會 _e編著 |
|
| 245 | 1 | 0 |
_a高品質急救復甦後照護臨床手冊 / _c臺灣急救加護醫學會編著 ; 黃建華主編 |
| 250 | _a初版 | ||
| 260 |
_a新北市汐止區 : _b合記, _c2024.05 |
||
| 300 |
_a[12], 168面 : _b圖 ; _c26公分 |
||
| 504 | _a參考書目: 面144-168. | ||
| 650 | 7 |
_a急診醫學 _2lcstt. |
|
| 650 | 7 |
_a急救 _2lcstt. |
|
| 650 | 7 |
_a復原照護 _2lcstt. |
|
| 700 | 1 |
_a黃建華 _e主編 |
|
| 942 |
_2ccl _cLNTERM |
||
| 999 |
_c7648 _d7648 |
||